Southville International School and Colleges
Your cart is empty.
  • Cart
  • Lists
    Public lists Eva Luna New books Lux_list list_1
    Your lists Log in to create your own lists
  • Log in to your account
  • Your cookies
  • Search history
Southville International School and Colleges
  • Advanced search
  • Recent comments
  • Most popular
  • Libraries

Log in to your account

Log in with GOOGLE


If you do not have an external account, but do have a local account, you can still log in:

  1. Home
  2. MARC view: Easy-to-read: folk and fairy tale plays /
Normal view MARC view ISBD view

Easy-to-read: folk and fairy tale plays / (Record no. 103990)

[ view plain ]
MARC details
000 -LEADER
fixed length control field 00625nam a2200181 a 4500
005 - DATE AND TIME OF LATEST TRANSACTION
control field 20140412111311.0
008 - FIXED-LENGTH DATA ELEMENTS--GENERAL INFORMATION
fixed length control field 010330s19uu xx 00 eng d
020 ## - INTERNATIONAL STANDARD BOOK NUMBER
International Standard Book Number 0-590-93088-5
050 ## - LIBRARY OF CONGRESS CALL NUMBER
Classification number TR(GS 808.82
Item number P83 1997
100 ## - MAIN ENTRY--PERSONAL NAME
Personal name Pugliano, Carol
245 ## - TITLE STATEMENT
Title Easy-to-read: folk and fairy tale plays /
Statement of responsibility, etc by Carol Pugliano.
260 ## - PUBLICATION, DISTRIBUTION, ETC. (IMPRINT)
Place of publication, distribution, etc JeffersonC City. MO :
Name of publisher, distributor, etc Scholastic Professional Books,
Date of publication, distribution, etc 1997.
300 ## - PHYSICAL DESCRIPTION
Extent 56 p.
500 ## - GENERAL NOTE
General note Includes cross-curriculum extension activities
520 ## - SUMMARY, ETC.
Summary, etc Build literacy with reproducible plays based on classic stories.
650 ## - SUBJECT ADDED ENTRY--TOPICAL TERM
Topical term or geographic name as entry element Plays
General subdivision Study and teaching
Holdings
Withdrawn status Lost status Damaged status Home library Current library Shelving location Date acquired Source of acquisition Cost, normal purchase price Total Checkouts Full call number Barcode Date last seen Price effective from Koha item type
      Elizalde Library Elizalde Library Teachers Reference Section 03/30/2001   595.00   TR(GS 808.82 P83 1997 E6223 04/12/2014 04/12/2014 Books

Easy-to-read: folk and fairy tale plays /

APA

Pugliano C., . (1997). Easy-to-read: folk and fairy tale plays. JeffersonC City. MO: Scholastic Professional Books.

Chicago

Pugliano Carol, . 1997. Easy-to-read: folk and fairy tale plays. JeffersonC City. MO: Scholastic Professional Books.

Harvard

Pugliano C., . (1997). Easy-to-read: folk and fairy tale plays. JeffersonC City. MO: Scholastic Professional Books.

MLA

Pugliano Carol, . Easy-to-read: folk and fairy tale plays. JeffersonC City. MO: Scholastic Professional Books. 1997.

  • Place hold
  • Print
  • Cite
  • Add to your cart (remove)
  • Save record
    BIBTEX Dublin Core MARCXML MARC (non-Unicode/MARC-8) MARC (Unicode/UTF-8) MARC (Unicode/UTF-8, Standard) MODS (XML) RIS
  • More searches
    Search for this title in:
    Other Libraries (WorldCat) Other Databases (Google Scholar) Online Stores (Bookfinder.com) Open Library (openlibrary.org)

Exporting to Dublin Core...

SOUTHVILLE LIBRARY

Southville International School and Colleges Library

1281 Tropical Ave. Cor. Luxembourg St., BF Homes International, Las Pinas City

Tel. No. 8256374 / 252358 Loc. 117/146

Powered by Koha